Music Quiz

Random Music or Song Quiz

Click 5 Hits Quiz Stats

Quiz Updated Feb 19, 2015

Challenge
Share
Tweet
Embed
Score 0/50 Timer 08:00
0 Plays Today
% Correct
...Baby One More Time
97%
Billie Jean
95.8%
Thriller
95%
Oops!... I Did It Again
94.9%
The Real Slim Shady
88%
Hips Don't Lie
86.4%
Smooth Criminal
85.5%
Toxic
84.7%
Lose Yourself
78.6%
My Name Is
77.9%
Johnny B. Goode
77.5%
Space Oddity
73.8%
You Can't Always Get What You Want
72.9%
Rap God
72.8%
Womanizer
70.6%
Heart of Glass
70.5%
Grenade
70.2%
Sympathy for the Devil
69.6%
Just the Way You Are
68.5%
Stan
68.2%
Call Me
68%
When I Was Your Man
67.7%
Locked Out of Heaven
67.6%
One Way or Another
67.1%
Start Me Up
67.1%
% Correct
You Really Got Me
66.2%
Brown Sugar
65.8%
Whenever, Wherever
63.3%
Ben
61.6%
She Wolf
61%
Roll Over Beethoven
60.4%
The Tide Is High
58.9%
My Ding-a-Ling
58.2%
Fame
57.8%
Wild Horses
55.4%
All Day and All of the Night
55.3%
Rebel Rebel
54.5%
Waka Waka (This Time for Africa)
52.6%
Underneath Your Clothes
49.5%
Maybellene
49.1%
Treasure
47.6%
Golden Years
46%
No Particular Place To Go
44.8%
If U Seek Amy
43.7%
Ashes to Ashes
43%
Atomic
38.1%
Sunny Afternoon
36.2%
Dedicated Follower of Fashion
35.9%
Blood on the Dance Floor
29%
Victoria
24.4%

You're not logged in!

Compare scores with friends on all Sporcle quizzes.
Join for Free
OR
Log In

You Might Also Like...

Show Comments

Extras

Top Quizzes Today


Score Distribution

Your Account Isn't Verified!

In order to create a playlist on Sporcle, you need to verify the email address you used during registration. Go to your Sporcle Settings to finish the process.

Report this User

Report this user for behavior that violates our Community Guidelines.

Details: